| 000 | 01482nam0a2200337 4500 | ||
|---|---|---|---|
| 001 | RU\NLR\BIBL_A\010692390 | ||
| 005 | 201507301156 | ||
| 010 |
_a978-5-91522-396-6 _9500 |
||
| 021 |
_aRU _b2015-3024 _9187 |
||
| 035 | _a(NLR Aleph) 010692390 | ||
| 035 | _a(NILC)RuMoRGB-007854874 | ||
| 090 |
_a9690968 _c9690968 |
||
| 100 | _a20150310d2015 um y0rusy50 ca | ||
| 101 | 0 | _arus | |
| 102 | _aRU | ||
| 105 | _aa|||j|||000yy | ||
| 200 | 1 |
_aФизика кристаллизации _e[учебное пособие по специальностям: 01.04.07 - Физика конденсированного состояния; 01.04.018 Кристаллография и кристаллофизика] _fЛ. Н. Рашкович |
|
| 210 |
_aМосква _cНаучный мир _d2015 |
||
| 215 |
_a101, [1] с. _cил., табл. _d21 |
||
| 300 | _aНа 4-й с. обл. авт.: Рашкович, засл. проф. МГУ им. М.В. Ломоносова | ||
| 320 | _aБиблиогр.: с. 5 (2 назв.) | ||
| 606 | 1 |
_aКристаллизация _jУчебные издания для высших учебных заведений _2nlr_sh1 _2nlr_sh2 _3RU\NLR\AUTH\6635888 |
|
| 686 | 1 | _aВ375.14я73-1 | |
| 700 | 1 |
_aРашкович _bЛ. Н. _gЛеонид Николаевич |
|
| 801 | 0 |
_aRU _bРГБ _c20150128 _gRCR |
|
| 801 | 1 |
_aRU _bРГБ _c20150128 _2rusmarc |
|
| 942 | _cBOOK | ||
| 980 | _aNBR | ||
| 980 | _aNB | ||